[Event "Cto Aragón Equipos Div Honor Descenso"]
[Site "Aragon"]
[Date "2015.03.28"]
[Round "10.20"]
[White "Muro Turon, Raul"]
[Black "Palomar Ramon, Santiago"]
[Result "1/2-1/2"]
[WhiteElo "1893"]
[BlackElo "1949"]
[PlyCount "65"]
[EventDate "2015.02.21"]
[WhiteTeam "Tauste"]
[BlackTeam "San Jose"]

1. e4 e6 2. d4 d5 3. Nc3 Nc6 4. Nf3 Nf6 5. Bg5 Be7 6. e5 Ne4 7. Bxe7 Qxe7 8.
Bd3 Qb4 9. O-O Nxc3 10. bxc3 Qxc3 11. Rb1 Qa3 12. Qd2 b6 13. Qg5 Qf8 14. Bb5
Bb7 15. c4 Qe7 16. Qc1 O-O 17. cxd5 Nd8 18. Bc6 Nxc6 19. dxc6 Ba6 20. Re1 Bd3
21. Rb3 Bf5 22. Qf4 Rad8 23. Nh4 Bg6 24. Nf3 Rd5 25. h3 Rfd8 26. Re2 h6 27. Qc1
Ra5 28. Qc4 Ra3 29. Qc3 Ra4 30. Qb2 Rd5 31. Ree3 Rc4 32. Rec3 Rxc3 33. Qxc3
1/2-1/2

[Event "Cto Aragón Equipos Div Honor Descenso"]
[Site "Aragon"]
[Date "2015.03.28"]
[Round "10.21"]
[White "Garcia Fernandez, Javier"]
[Black "Donoso Sanchez, Alejandro"]
[Result "1-0"]
[WhiteElo "2210"]
[BlackElo "2218"]
[PlyCount "81"]
[EventDate "2015.02.21"]
[WhiteTeam "Teruel"]
[BlackTeam "CMU Cerbuna"]

1. e4 c5 2. Nf3 e6 3. d4 cxd4 4. Nxd4 a6 5. c4 Nf6 6. Nc3 Bb4 7. Qd3 Nc6 8.
Nxc6 dxc6 9. Qxd8+ Kxd8 10. e5 Ne4 11. a3 Bxc3+ 12. bxc3 Nxc3 13. a4 Ne4 14.
Be3 f6 15. Bd3 Ng5 16. O-O Nf7 17. exf6 gxf6 18. a5 Ke8 19. Bc5 Ne5 20. Be2 Kf7
21. f4 Ng6 22. Rad1 Re8 23. Bh5 Kg7 24. g4 Rg8 25. g5 f5 26. Rd6 h6 27. Bd4+
Kh7 28. Bxg6+ Rxg6 29. Bf6 hxg5 30. fxg5 e5 31. Rfd1 f4 32. Rd8 Rg8 33. Rxg8
Kxg8 34. Rd8+ Kf7 35. Bxe5 Ke6 36. Bxf4 b6 37. g6 Kf6 38. Rd6+ Be6 39. axb6
Kxg6 40. b7 Rg8 41. Bg3 1-0

[Event "Cto Aragón Equipos Div Honor Descenso"]
[Site "Aragon"]
[Date "2015.03.28"]
[Round "10.22"]
[White "Gella Bitrian, Diego"]
[Black "Dominguez Bujeda, Jesus"]
[Result "0-1"]
[WhiteElo "2033"]
[BlackElo "2135"]
[PlyCount "84"]
[EventDate "2015.02.21"]
[WhiteTeam "CMU Cerbuna"]
[BlackTeam "Teruel"]

1. e4 c5 2. Nf3 g6 3. d4 cxd4 4. Nxd4 Nc6 5. Be3 Nf6 6. Nc3 Bg7 7. f3 O-O 8.
Bc4 Qb6 9. Qd2 Nxe4 10. fxe4 Bxd4 11. Bxd4 Qxd4 12. Qxd4 Nxd4 13. O-O-O Nc6 14.
Nd5 Kg7 15. Rhf1 Rb8 16. a4 a6 17. Nb6 d6 18. Rf2 Ne5 19. Bd5 Bd7 20. Rdf1 Bc6
21. h3 a5 22. Kb1 e6 23. Bb3 Bxe4 24. Re1 d5 25. Re3 Rbd8 26. Rc3 Rd6 27. Nc8
Rc6 28. Rxc6 bxc6 29. Nd6 f5 30. Nb7 Rf7 31. Nc5 Re7 32. Kc1 Nd7 33. Nb7 c5 34.
c3 c4 35. Bc2 Bxc2 36. Kxc2 Ne5 37. Nd6 Nd3 38. Re2 Nc5 39. Nc8 Rb7 40. Nd6 Rb6
41. Ne8+ Kf7 42. Nc7 Nxa4 0-1

[Event "Cto Aragón Equipos Div Honor Descenso"]
[Site "Aragon"]
[Date "2015.03.28"]
[Round "10.23"]
[White "Martin Catalan, Juan Vicente"]
[Black "Sacristan Latorre, Alberto"]
[Result "1/2-1/2"]
[WhiteElo "2087"]
[BlackElo "2021"]
[PlyCount "99"]
[EventDate "2015.02.21"]
[WhiteTeam "Teruel"]
[BlackTeam "CMU Cerbuna"]

1. d4 Nf6 2. Nf3 g6 3. Bf4 Bg7 4. e3 O-O 5. Be2 d6 6. h3 Nfd7 7. O-O e5 8. Bh2
Nc6 9. c4 f5 10. Nc3 e4 11. Nd2 Nf6 12. Rc1 g5 13. a3 Ne7 14. b4 Ng6 15. Qc2 h5
16. Nd5 g4 17. Nf4 Nxf4 18. Bxf4 Nh7 19. Kh2 Ng5 20. Rg1 Ne6 21. g3 Nxf4 22.
gxf4 Qh4 23. Rg3 Qf6 24. Rcg1 Bd7 25. Qb3 c6 26. Qc2 Rfc8 27. R3g2 a5 28. Nb3
axb4 29. axb4 Be6 30. Ra1 Rxa1 31. Nxa1 c5 32. bxc5 dxc5 33. Nb3 cxd4 34. Nxd4
Qf7 35. Nxe6 Qxe6 36. Rg1 Qf6 37. Rb1 Rc7 38. Qd2 Bf8 39. Qd5+ Qf7 40. Qxf7+
Kxf7 41. Rb5 Bc5 42. hxg4 hxg4 43. Kg2 b6 44. Rb1 Ra7 45. Rb2 Ra1 46. Rd2 Rc1
47. Ra2 Kg6 48. Rb2 Kh5 49. Ra2 Kg6 50. Rd2 1/2-1/2

[Event "Cto Aragón Equipos Div Honor Descenso"]
[Site "Aragon"]
[Date "2015.03.28"]
[Round "10.24"]
[White "Colom Sienes, Eduardo"]
[Black "Marin Tolosa, Guillermo"]
[Result "1-0"]
[WhiteElo "2005"]
[BlackElo "1994"]
[PlyCount "61"]
[EventDate "2015.02.21"]
[WhiteTeam "CMU Cerbuna"]
[BlackTeam "Teruel"]

1. e4 c6 2. Ne2 d5 3. e5 c5 4. d4 Nc6 5. c3 e6 6. f4 Qb6 7. g3 Bd7 8. Bh3 Rc8
9. O-O cxd4 10. cxd4 Nb4 11. Nbc3 g6 12. Be3 Ne7 13. Bf2 h5 14. f5 exf5 15. Nf4
g5 16. e6 Bxe6 17. Nxh5 Bd7 18. g4 fxg4 19. Bxg4 Bxg4 20. Qxg4 Qh6 21. Rae1 Kd8
22. Qg3 Qxh5 23. Qd6+ Ke8 24. Bg3 Nbc6 25. Nxd5 Rh6 26. Rf6 Qg4 27. Rxh6 Qxd4+
28. Kh1 f5 29. Nf6+ Kf7 30. Qe6+ Kg7 31. Nh5# 1-0

[Event "Cto Aragon Equipos Play-offs Ascenso"]
[Site "Aragon (Spain)"]
[Date "2015.03.28"]
[Round "10.25"]
[White "Cifuentes Parada, Roberto"]
[Black "Valles Mata, David"]
[Result "1/2-1/2"]
[WhiteElo "2461"]
[BlackElo "2196"]
[PlyCount "124"]
[EventDate "2015.03.28"]
[WhiteTeam "Jaque"]
[BlackTeam "La Aurora Estadilla"]

1. d4 Nf6 2. c4 g6 3. Nc3 Bg7 4. e4 d6 5. f4 O-O 6. Nf3 c5 7. dxc5 dxc5 8. Bd3
Bg4 9. e5 Nfd7 10. Be4 Nc6 11. Be3 f6 12. Bd5+ e6 13. Bxc6 bxc6 14. exf6 Bxf6
15. O-O e5 16. fxe5 Bxe5 17. h3 Bxf3 18. Rxf3 Qe7 19. Rxf8+ Rxf8 20. Qd3 Bc7
21. Rf1 Rxf1+ 22. Kxf1 Qf7+ 23. Ke2 Ne5 24. Qe4 Nxc4 25. Bxc5 Nxb2 26. Bxa7 Nc4
27. Bd4 Qd7 28. Na4 Nd6 29. Qe5 Qe8 30. Nc5 Qxe5+ 31. Bxe5 Nb5 32. Bxc7 Nxc7
33. a4 Kf7 34. Kd3 Ke7 35. Kd4 Nd5 36. a5 Kd6 37. a6 Nb6 38. g4 h6 39. Ne4+ Kc7
40. Nf6 Na4 41. Ng8 Kb6 42. Nxh6 Kxa6 43. Nf7 Kb6 44. h4 c5+ 45. Kd5 Nc3+ 46.
Ke5 Nb5 47. Kf6 c4 48. Ne5 c3 49. Nd3 c2 50. Kxg6 Nd4 51. h5 Kb5 52. Nc1 Ka4
53. h6 Nb3 54. h7 Nxc1 55. h8=Q Nb3 56. Qa8+ Kb4 57. Qe4+ Kc3 58. Qc6+ Kb2 59.
Kf6 c1=Q 60. Qxc1+ Nxc1 61. Ke5 Ne2 62. g5 Ng3 1/2-1/2

[Event "Cto Aragon Equipos Play-offs Ascenso"]
[Site "Aragon (Spain)"]
[Date "2015.03.28"]
[Round "10.26"]
[White "Cabrera Moreno, Daniel"]
[Black "Perez Puyal, Jose Joaquin"]
[Result "1-0"]
[WhiteElo "2178"]
[BlackElo "1922"]
[PlyCount "67"]
[EventDate "2015.03.28"]
[WhiteTeam "La Aurora Estadilla"]
[BlackTeam "Jaque"]

1. d4 d5 2. c4 c6 3. cxd5 cxd5 4. Nf3 Nf6 5. Nc3 g6 6. Bf4 Bg7 7. e3 O-O 8. h3
Qb6 9. Qd2 Bf5 10. Be2 Nc6 11. O-O Rac8 12. Rac1 Na5 13. Na4 Rxc1 14. Nxb6
Rxf1+ 15. Bxf1 axb6 16. g4 Ne4 17. Qb4 Be6 18. Qxb6 Nc4 19. Bxc4 dxc4 20. Qxb7
Nf6 21. Ne5 Nd5 22. Bg3 Nf6 23. a4 Bd5 24. Qb5 e6 25. f3 Bh6 26. e4 Ba8 27.
Qxc4 Rd8 28. Qc7 Rf8 29. b4 Be3+ 30. Bf2 Bf4 31. b5 Ne8 32. Qe7 Bxe5 33. dxe5
Ng7 34. a5 1-0

[Event "Cto Aragon Equipos Play-offs Ascenso"]
[Site "Aragon (Spain)"]
[Date "2015.03.28"]
[Round "10.27"]
[White "Uldemolins Nivela, Mateo"]
[Black "Solano Lasierra, Javier"]
[Result "1/2-1/2"]
[WhiteElo "1867"]
[BlackElo "2167"]
[PlyCount "50"]
[EventDate "2015.03.28"]
[WhiteTeam "Jaque"]
[BlackTeam "La Aurora Estadilla"]

1. e4 c5 2. Nc3 Nc6 3. g3 g6 4. Bg2 Bg7 5. d3 Rb8 6. f4 b5 7. Nf3 d6 8. O-O e6
9. Ne2 Nge7 10. c3 b4 11. Be3 O-O 12. Qd2 Ba6 13. d4 bxc3 14. bxc3 Qa5 15. Rfd1
Qa3 16. Rab1 Bc4 17. Kf1 Qxa2 18. Qxa2 Bxa2 19. Rxb8 Rxb8 20. dxc5 dxc5 21.
Bxc5 Bc4 22. Nfd4 Rb2 23. Bf3 h5 24. Ke1 e5 25. Nxc6 Nxc6 1/2-1/2

[Event "Cto Aragon Equipos Play-offs Ascenso"]
[Site "Aragon (Spain)"]
[Date "2015.03.28"]
[Round "10.28"]
[White "Escuer Sanchez, Nestor"]
[Black "Ereza Vizcarra, Fernando"]
[Result "1-0"]
[WhiteElo "2057"]
[BlackElo "1572"]
[PlyCount "65"]
[EventDate "2015.03.28"]
[WhiteTeam "La Aurora Estadilla"]
[BlackTeam "Jaque"]

1. d4 d6 2. Nf3 Nf6 3. c4 Nbd7 4. Nc3 c6 5. e3 e5 6. d5 c5 7. Bd3 g6 8. O-O a6
9. Nd2 Bg7 10. f4 exf4 11. exf4 O-O 12. Qc2 Re8 13. Nf3 Nf8 14. f5 Ng4 15. fxg6
hxg6 16. Ne4 Bf5 17. Bg5 Qd7 18. Rae1 Nh7 19. Bf4 Ne5 20. Nxe5 Bxe5 21. Bxe5
Rxe5 22. Nxc5 Bxd3 23. Nxd3 Rg5 24. Qe2 Rc8 25. Qe7 Qxe7 26. Rxe7 Rxc4 27.
Rfxf7 Rxd5 28. Rg7+ Kf8 29. Ref7+ Ke8 30. Rxh7 Rxd3 31. Rxb7 Rd1+ 32. Kf2 Rf4+
33. Ke2 1-0

[Event "Cto Aragon Equipos  Play-offs Descenso"]
[Site "Aragon (Spain)"]
[Date "2015.03.28"]
[Round "10.29"]
[White "Vera Jimenez, Andres"]
[Black "Larios Herraiz, Enrique"]
[Result "0-1"]
[WhiteElo "1972"]
[BlackElo "2067"]
[PlyCount "130"]
[EventDate "2015.03.28"]
[WhiteTeam "Tauste B"]
[BlackTeam "Actur Rey Fernando"]

1. Nf3 e6 2. d4 d5 3. c4 c6 4. Nc3 f5 5. g3 Nf6 6. Bg2 Bd6 7. O-O O-O 8. b3
Nbd7 9. Bb2 Ne4 10. Nd2 Ndf6 11. f3 Nxg3 12. hxg3 Bxg3 13. e4 Nh5 14. Ne2 f4
15. Nxg3 fxg3 16. Re1 Qh4 17. Nf1 Nf4 18. e5 Rf5 19. Qc2 Bd7 20. Bc1 Nxg2 21.
Qxg2 Qxd4+ 22. Be3 Qxe5 23. Rad1 Qf6 24. f4 Qg6 25. Nxg3 Rf7 26. Ne2 Qxg2+ 27.
Kxg2 Rd8 28. Bd4 b6 29. Be5 c5 30. Kg3 Bc6 31. Ng1 d4 32. Nf3 h6 33. Nd2 Rdd7
34. Ne4 Rf8 35. Kf2 Bxe4 36. Rxe4 g5 37. Rg1 Kh7 38. Ke2 gxf4 39. Rxf4 Rxf4 40.
Bxf4 e5 41. Bd2 Re7 42. Rg4 e4 43. a4 Re6 44. Bf4 e3 45. Rg2 Re8 46. Rh2 Re6
47. a5 bxa5 48. Rh5 Rb6 49. Rxc5 Rxb3 50. Rc7+ Kg6 51. c5 Rb2+ 52. Kd1 Rf2 53.
Rc6+ Kf5 54. Bg3 Rg2 55. Bh4 Ke4 56. Rxh6 Kd3 57. Re6 Ra2 58. Kc1 Rc2+ 59. Kb1
Rxc5 60. Ra6 Kd2 61. Rxa7 e2 62. Re7 d3 63. Bf2 Rb5+ 64. Ka2 Rf5 65. Bb6 Kd1
0-1

[Event "Cto Aragon Equipos  Play-offs Descenso"]
[Site "Aragon (Spain)"]
[Date "2015.03.28"]
[Round "10.30"]
[White "Lopez Caudevilla, David"]
[Black "Turon Perez, David"]
[Result "1-0"]
[WhiteElo "1978"]
[BlackElo "1932"]
[PlyCount "57"]
[EventDate "2015.03.28"]
[WhiteTeam "Actur Rey Fernando"]
[BlackTeam "Tauste B"]

1. e4 d6 2. g3 c5 3. Bg2 Nc6 4. d3 g6 5. Nc3 Bg7 6. Be3 Nf6 7. h3 Qa5 8. Qd2
Bd7 9. Nge2 Rc8 10. O-O O-O 11. f4 Nd4 12. Rae1 Qb4 13. e5 Nxe2+ 14. Qxe2 Nh5
15. Qf2 dxe5 16. Nd5 Qxb2 17. Nxe7+ Kh8 18. Nxc8 exf4 19. gxf4 Rxc8 20. Rb1
Qxa2 21. Rxb7 Bf5 22. Bxc5 Nf6 23. Rxa7 Qb2 24. Bd4 Qxc2 25. Qxc2 Rxc2 26. Rxf7
Kg8 27. Rxf6 Bxf6 28. Bxf6 Kf7 29. Be5 1-0

[Event "Cto Aragon Equipos  Play-offs Descenso"]
[Site "Aragon (Spain)"]
[Date "2015.03.28"]
[Round "10.31"]
[White "Zalaya Gracia, Alejandro"]
[Black "Aviol Perez, Jose Mariano"]
[Result "1-0"]
[WhiteElo "1797"]
[BlackElo "1906"]
[PlyCount "113"]
[EventDate "2015.03.28"]
[WhiteTeam "Tauste B"]
[BlackTeam "Actur Rey Fernando"]

1. b3 d5 2. Bb2 c5 3. Nf3 Nf6 4. e3 Nc6 5. d4 g6 6. c4 Bg7 7. Bd3 O-O 8. O-O
cxd4 9. Nxd4 Qc7 10. f3 e5 11. Nxc6 bxc6 12. Nc3 d4 13. exd4 exd4 14. Ne4 Nxe4
15. fxe4 c5 16. Qd2 a5 17. a3 Rb8 18. Bc2 Be5 19. h3 Qb6 20. Rf3 Be6 21. Rb1
Rfd8 22. Bc1 Rd7 23. Qe1 Qd8 24. Bd3 Rdb7 25. Bf1 Qc7 26. Bd2 a4 27. b4 cxb4
28. Bxb4 Bf4 29. c5 Bh6 30. Ba6 Ra7 31. Qe2 Qc6 32. Bd3 Re7 33. Qc2 Bb3 34. Qb2
Be3+ 35. Kh1 Reb7 36. Rbf1 Qe6 37. Rf6 Qe5 38. c6 Rxb4 39. axb4 Bg5 40. R6f3
Be7 41. b5 Bd6 42. g3 Qe6 43. Kh2 a3 44. Qxd4 a2 45. Qa7 Qe5 46. b6 Be6 47. c7
Re8 48. Qa4 Re7 49. Bc4 Qb2+ 50. Kh1 Qxb6 51. Bxe6 Qxc7 52. Bxa2 Bxg3 53. Bxf7+
Kg7 54. Qc4 Qe5 55. Qc3 Qxc3 56. Rxc3 Rxf7 57. Rxf7+ 1-0